[Event "ch-RUS Rapid w 2016"]
[Site "Sochi RUS"]
[Date "2016.10.02"]
[Round "4.4"]
[White "Girya, Olga"]
[Black "Sukhareva, Evgeniya"]
[Result "1-0"]
[WhiteTitle "WGM"]
[WhiteElo "2446"]
[BlackElo "2151"]
[WhiteFideId "4195752"]
[BlackFideId "4167155"]
[EventDate "2016.10.02"]

1. d4 d5 2. c4 e6 3. Nf3 Nf6 4. Nc3 c5 5. cxd5 Nxd5 6. e4 Nxc3 7. bxc3 cxd4 8.
cxd4 Bb4+ 9. Bd2 Bxd2+ 10. Qxd2 O-O 11. Rc1 b6 12. Bd3 Bb7 13. O-O Nd7 14. Qf4
Nf6 15. Rcd1 Qe7 16. Rfe1 Rfd8 17. Qh4 g6 18. d5 Nxd5 19. exd5 Qxh4 20. Nxh4
Bxd5 21. Bb1 Rac8 22. Rd3 Rc5 23. Nf3 Rdc8 24. Nd4 a5 25. Rdd1 a4 26. Ne2 Bc4
27. Nc3 b5 28. Ne4 R5c6 29. Nd6 R8c7 30. Be4 Rc5 31. Nxc4 Rxc4 32. Bd3 R4c5 33.
Rb1 Rb7 34. Rb4 Rc3 35. Bxb5 Rc2 36. Bxa4 1-0

[Event "ch-RUS Rapid w 2016"]
[Site "Sochi RUS"]
[Date "2016.10.02"]
[Round "4.5"]
[White "Bodnaruk, Anastasia"]
[Black "Severina, Maria"]
[Result "1-0"]
[WhiteTitle "IM"]
[BlackTitle "WIM"]
[WhiteElo "2463"]
[BlackElo "2232"]
[WhiteFideId "4181751"]
[BlackFideId "4116909"]
[EventDate "2016.10.02"]

1. e4 e5 2. Nf3 Nc6 3. Bb5 a6 4. Ba4 Nf6 5. O-O Be7 6. Re1 b5 7. Bb3 d6 8. c3
O-O 9. h3 Na5 10. Bc2 c5 11. d4 Qc7 12. d5 Nc4 13. b3 Nb6 14. a4 bxa4 15. bxa4
a5 16. Na3 Ba6 17. Rb1 Rfb8 18. Nd2 Ne8 19. c4 Bg5 20. Qe2 Qd7 21. Nb5 Bc8 22.
Nf1 Bxc1 23. Rexc1 Nc7 24. Ne3 Qe7 25. Kh2 Na6 26. Ra1 Nb4 27. Bb1 Bd7 28. g3
Rf8 29. Nf5 Bxf5 30. exf5 Qf6 31. Be4 Rad8 32. h4 g6 33. Qf3 Nc8 34. Kh3 h5 35.
g4 gxf5 36. gxf5 Rfe8 37. Rg1+ Kf8 38. Rg5 Nb6 39. Rag1 Ke7 40. Rg7 Qh6 41. R1g5
Nxc4 42. Rh7 Qxh7 43. f6+ Kd7 44. Bf5+ 1-0

[Event "ch-RUS Rapid w 2016"]
[Site "Sochi RUS"]
[Date "2016.10.02"]
[Round "4.6"]
[White "Baraeva, Marina"]
[Black "Pogonina, Natalija"]
[Result "0-1"]
[WhiteTitle "WIM"]
[BlackTitle "WGM"]
[WhiteElo "2173"]
[BlackElo "2484"]
[WhiteFideId "24142573"]
[BlackFideId "4147855"]
[EventDate "2016.10.02"]

1. d4 Nf6 2. c4 e6 3. Nc3 d5 4. Nf3 Nbd7 5. Bg5 h6 6. Bxf6 Nxf6 7. e3 Be7 8. Bd3
O-O 9. O-O dxc4 10. Bxc4 c5 11. Qd3 cxd4 12. exd4 b6 13. Ne5 Bb7 14. f4 Bd6 15.
Rad1 Rc8 16. f5 Bxe5 17. dxe5 Qxd3 18. Bxd3 Nd5 19. Nxd5 Bxd5 20. b3 Rc5 21. Rc1
Rfc8 22. Rxc5 Rxc5 23. Re1 exf5 24. Bxf5 g6 25. Bb1 Kf8 26. Kf2 Ke7 27. Bd3 Ke6
28. Re2 a5 29. Kg3 b5 30. Kf4 b4 31. h4 Rc1 32. h5 g5+ 33. Kg4 Rf1 34. Kg3 Rf4
35. Re1 Rd4 36. Re3 Rh4 37. Bc2 Rh1 38. Bd3 Rd1 39. Be2 Rd2 40. Bg4+ Ke7 41. Re2
Rxe2 42. Bxe2 Ke6 43. Kf2 Kxe5 44. g3 Kd4 45. Bb5 f5 46. Bd7 f4 47. gxf4 gxf4
48. Bg4 Be4 49. Be6 Bb1 50. Kf3 Ke5 51. Bd7 Bxa2 52. Ba4 Bb1 53. Bb5 Bc2 0-1

[Event "ch-RUS Rapid w 2016"]
[Site "Sochi RUS"]
[Date "2016.10.02"]
[Round "4.7"]
[White "Travkina, Anastasia"]
[Black "Galliamova, Alisa"]
[Result "1-0"]
[WhiteTitle "WFM"]
[BlackTitle "IM"]
[WhiteElo "2292"]
[BlackElo "2450"]
[WhiteFideId "24129151"]
[BlackFideId "4129725"]
[EventDate "2016.10.02"]

1. e4 c5 2. Nf3 e6 3. d4 cxd4 4. Nxd4 a6 5. Bd3 d6 6. Nc3 Nf6 7. Be3 b5 8. a4 b4
9. Na2 Bb7 10. f3 e5 11. Nf5 d5 12. Qe2 Qd7 13. O-O h6 14. exd5 Nxd5 15. Bd4 f6
16. f4 Nc6 17. fxe5 Nxd4 18. Nxd4 Bc5 19. exf6+ Kd8 20. c3 bxc3 21. bxc3 gxf6
22. Kh1 Bxd4 23. cxd4 Re8 24. Qf2 Rc8 25. Bf5 Qd6 26. Bxc8 Kxc8 27. Rab1 Ne3 28.
Rfc1+ Kb8 29. Qf3 Qd5 30. Qxd5 Nxd5 31. Nc3 Nxc3 32. Rxc3 Ka8 33. h3 f5 34. Rc7
Be4 35. Rb6 Rg8 36. Rb2 Rg3 37. Kh2 Ra3 38. d5 Bxd5 39. Rd2 Bb7 40. Rb2 Be4 41.
Rd2 Bd3 42. Rh7 Kb8 43. h4 a5 44. h5 f4 45. Rxh6 Kc7 46. Rf6 1-0

[Event "ch-RUS Rapid w 2016"]
[Site "Sochi RUS"]
[Date "2016.10.02"]
[Round "4.8"]
[White "Nechaeva, Marina"]
[Black "Shaydullina, Sandugach"]
[Result "1-0"]
[WhiteTitle "IM"]
[BlackTitle "WGM"]
[WhiteElo "2428"]
[BlackElo "2142"]
[WhiteFideId "4149351"]
[BlackFideId "4140389"]
[EventDate "2016.10.02"]

1. d4 f5 2. c4 Nf6 3. Nc3 e6 4. e3 Be7 5. Bd3 O-O 6. Nge2 d6 7. f3 e5 8. O-O c6
9. Bd2 Qe8 10. Qc2 g6 11. b4 Na6 12. a3 Kh8 13. c5 Nc7 14. cxd6 Bxd6 15. dxe5
Qxe5 16. f4 Qe7 17. Nd4 Ncd5 18. Nxd5 Nxd5 19. Rae1 Qg7 20. Kh1 Be7 21. Bc4 Nb6
22. Bb3 Bf6 23. Nf3 Bd7 24. Ne5 Rae8 25. Bc3 Be6 26. Bxe6 Rxe6 27. e4 fxe4 28.
Rxe4 Rd6 29. h3 Nd5 30. Bd4 Nb6 31. Qe2 Rdd8 32. Bc5 Rfe8 33. Re1 Rg8 34. Qf3
Bh4 35. R1e2 Rd1+ 36. Kh2 Nd5 37. f5 Bf6 38. fxg6 hxg6 39. Bf2 Rf8 40. Bg3 Bg5
41. Nxg6+ Qxg6 42. Qxf8+ Qg8 43. Qxg8+ Kxg8 44. Rg4 Rd3 45. Rxg5+ Kf7 46. Rf5+
Kg6 47. Rf3 Rd1 48. Re4 1-0

[Event "ch-RUS Rapid w 2016"]
[Site "Sochi RUS"]
[Date "2016.10.02"]
[Round "4.9"]
[White "Gvanceladze, Anna"]
[Black "Goryachkina, Aleksandra"]
[Result "0-1"]
[WhiteTitle "WFM"]
[BlackTitle "WGM"]
[WhiteElo "2223"]
[BlackElo "2460"]
[WhiteFideId "4113721"]
[BlackFideId "4147103"]
[EventDate "2016.10.02"]

1. d4 f5 2. c4 Nf6 3. Nc3 g6 4. h4 Bg7 5. h5 Nxh5 6. e4 Nf6 7. e5 Ng8 8. Nf3 d6
9. Bf4 dxe5 10. Nxe5 Nc6 11. Nxc6 bxc6 12. Qf3 Bd7 13. O-O-O Nf6 14. Bd3 Ng4 15.
Bc2 O-O 16. Bb3 e6 17. d5 Qf6 18. dxc6 Be8 19. Bxc7 Rc8 20. Bd6 Bxc6 21. Qe2
Rfe8 22. f3 Ne5 23. Rhe1 Nf7 24. Bf4 g5 25. Be3 a5 26. Bd4 e5 27. Bf2 Bf8 28.
Kb1 Kg7 29. Rc1 Ra8 30. Nd5 Bxd5 31. cxd5 a4 32. Rc6 Bd6 33. Bc2 a3 34. Bb3 axb2
35. Qxb2 Kg8 36. Bc5 Qe7 37. Bxd6 Nxd6 38. g4 f4 39. Qh2 Reb8 40. Qh6 Nf7 41.
Qe6 Qa3 42. Kc2 Rxb3 43. axb3 Qa2+ 44. Kd3 Qxb3+ 45. Ke4 Qb4+ 46. Kf5 Qxe1 47.
Rc7 Qb1+ 48. Kf6 Rf8 49. d6 Qg6+ 50. Ke7 Re8+ 0-1

[Event "ch-RUS Rapid w 2016"]
[Site "Sochi RUS"]
[Date "2016.10.02"]
[Round "4.10"]
[White "Vasilevich, Tatjana"]
[Black "Gubernatorova, Lyudmila"]
[Result "1-0"]
[WhiteTitle "IM"]
[WhiteElo "2372"]
[BlackElo "2200"]
[WhiteFideId "14101610"]
[BlackFideId "4123840"]
[EventDate "2016.10.02"]

1. d4 Nf6 2. c4 c5 3. d5 e6 4. Nc3 exd5 5. cxd5 d6 6. e4 g6 7. f3 Bg7 8. Nge2
O-O 9. Ng3 h5 10. Bg5 Qa5 11. Qd2 a6 12. Be2 b5 13. O-O Re8 14. a3 Nbd7 15. Be3
Ne5 16. b4 Qb6 17. a4 Bd7 18. Rfb1 h4 19. Nf1 h3 20. bxc5 dxc5 21. axb5 hxg2 22.
Kxg2 axb5 23. Rxa8 Rxa8 24. Nxb5 Nh5 25. h3 f5 26. f4 fxe4 27. fxe5 Bxe5 28. Na3
Qf6 29. Nc4 Bf4 30. Bxh5 Qg5+ 31. Kh1 Bxe3 32. Qxe3 Qxh5 33. Nb6 Rd8 34. Nxd7
Rxd7 35. Rb8+ Kh7 36. Qc3 Rg7 37. d6 Qf5 38. Kg2 Qd5 39. Qd2 Qf5 40. Qf2 Qh5 41.
Ne3 g5 42. Qf5+ Rg6 43. Rb7+ Kg8 44. Qf7+ Kh8 45. Qf8+ Rg8 46. Qf6+ 1-0

[Event "ch-RUS Rapid w 2016"]
[Site "Sochi RUS"]
[Date "2016.10.02"]
[Round "4.11"]
[White "Komiagina, Maria"]
[Black "Kovanova, Baira"]
[Result "0-1"]
[WhiteTitle "WIM"]
[BlackTitle "WGM"]
[WhiteElo "2247"]
[BlackElo "2382"]
[WhiteFideId "4153987"]
[BlackFideId "4164083"]
[EventDate "2016.10.02"]

1. e4 e5 2. Nf3 Nc6 3. Bb5 a6 4. Ba4 Nf6 5. O-O Be7 6. Re1 b5 7. Bb3 d6 8. c3
O-O 9. d4 Bg4 10. d5 Na5 11. Bc2 c6 12. h3 Bd7 13. dxc6 Bxc6 14. Nbd2 Re8 15. b4
Nb7 16. Bb2 Bf8 17. c4 bxc4 18. Nxc4 Rc8 19. Nfd2 Bb5 20. Bb3 Bc6 21. Rc1 a5 22.
bxa5 Nxa5 23. Nxa5 Qxa5 24. Nc4 Qd8 25. f3 Nh5 26. Ne3 Nf4 27. Kh2 Qf6 28. Qd2
Qg6 29. Rc2 Bb5 30. Rec1 Rxc2 31. Rxc2 Bd7 32. Rc7 Be6 33. Nf5 Bxb3 34. axb3 Qe6
35. Rb7 d5 36. Ng3 d4 37. Bxd4 Rd8 38. Qa5 Rxd4 39. Rb8 Qd6 40. Rb6 Qd8 41. Nf5
Rd2 42. Ne3 Rd6 43. Nc4 Rxb6 44. Nxb6 Qc7 45. Qa6 Qc2 46. Qf1 Qxb3 47. Nd7 Qd3 0-1

[Event "ch-RUS Rapid w 2016"]
[Site "Sochi RUS"]
[Date "2016.10.02"]
[Round "4.12"]
[White "Diakonova, Ekaterina"]
[Black "Ambartsumova, Karina"]
[Result "0-1"]
[BlackTitle "WGM"]
[WhiteElo "2321"]
[BlackElo "2280"]
[WhiteFideId "24172936"]
[BlackFideId "4166299"]
[EventDate "2016.10.02"]

1. e4 c5 2. Nf3 e6 3. d4 cxd4 4. Nxd4 a6 5. Bd3 Bc5 6. Nb3 Ba7 7. Qe2 Ne7 8. Be3
Bxe3 9. Qxe3 d6 10. c4 e5 11. O-O Be6 12. Nc3 O-O 13. Rfd1 Nd7 14. Be2 Qc7 15.
Rac1 Rad8 16. Nd5 Bxd5 17. cxd5 Qb8 18. Na5 Rc8 19. Bg4 Rxc1 20. Rxc1 Nc5 21. b4
Nxe4 22. Qxe4 f5 23. Bxf5 Nxf5 24. Qc4 Nd4 25. Nb3 b5 26. Qd3 Nf5 27. Rc6 Qa7
28. Qc2 Ne3 29. Qd3 Ng4 30. Qc2 Nxf2 31. Nc5 dxc5 32. bxc5 Qf7 33. Qe2 Qxd5 34.
Rxa6 Qxc5 0-1

[Event "ch-RUS Rapid w 2016"]
[Site "Sochi RUS"]
[Date "2016.10.02"]
[Round "4.13"]
[White "Drozdova, Dina"]
[Black "Berdychevskaya, Natasha"]
[Result "1-0"]
[WhiteTitle "WIM"]
[BlackTitle "WFM"]
[WhiteElo "2242"]
[BlackElo "2208"]
[WhiteFideId "4170695"]
[BlackFideId "4159322"]
[EventDate "2016.10.02"]

1. d4 Nf6 2. c4 Nc6 3. Nf3 e6 4. e3 Bb4+ 5. Bd2 Qe7 6. Be2 Bxd2+ 7. Nbxd2 d6 8.
O-O e5 9. d5 Nb8 10. Rc1 O-O 11. e4 h6 12. b4 Nbd7 13. Qc2 Nh7 14. c5 Ndf6 15.
cxd6 cxd6 16. Qc7 Qxc7 17. Rxc7 Ng5 18. Nxg5 hxg5 19. Rfc1 Rd8 20. f3 Ne8 21.
R7c3 Bd7 22. Nb3 Rac8 23. Na5 Rxc3 24. Rxc3 Rc8 25. Rxc8 Bxc8 26. Kf2 Kf8 27.
Ke3 Nc7 28. Bc4 Ke7 29. g3 Ne8 30. f4 gxf4+ 31. gxf4 exf4+ 32. Kxf4 Kf6 33. Be2
Nc7 34. h4 Ne8 35. Bb5 Nc7 36. Bd3 Ne8 37. Be2 Nc7 38. Ke3 Ke7 39. Kd4 Kf6 40.
Bc4 Ne8 41. Bb3 Ke7 42. Bd1 Kf6 43. Ba4 Nc7 44. a3 Ke7 45. e5 dxe5+ 46. Kxe5 f6+
47. Ke4 b5 48. Nc6+ Kd6 49. Nxa7 Bd7 50. Bb3 Na8 51. Nc6 Nb6 52. Nd4 Be8 53.
Nf5+ Kd7 54. Nxg7 Bf7 55. Kd4 Nc8 56. Bc2 Nd6 57. Bd3 1-0

[Event "ch-RUS Rapid w 2016"]
[Site "Sochi RUS"]
[Date "2016.10.02"]
[Round "4.14"]
[White "Tomilova, Elena"]
[Black "Sazonova, Anastasia"]
[Result "1-0"]
[WhiteTitle "WIM"]
[BlackTitle "WFM"]
[WhiteElo "2309"]
[BlackElo "2115"]
[WhiteFideId "4162340"]
[BlackFideId "24131008"]
[EventDate "2016.10.02"]

1. c4 c6 2. Nf3 d5 3. e3 Nf6 4. Nc3 Bf5 5. cxd5 cxd5 6. Qb3 Nc6 7. Qxb7 Bd7 8.
Nb5 Rc8 9. Nxa7 Na5 10. Qa6 Ra8 11. Ne5 e6 12. Bb5 Rxa7 13. Qxa7 Bxb5 14. Qxf7# 1-0

[Event "ch-RUS Rapid w 2016"]
[Site "Sochi RUS"]
[Date "2016.10.02"]
[Round "4.15"]
[White "Garifullina, Leya"]
[Black "Makarenko, Alexandra"]
[Result "0-1"]
[WhiteTitle "WCM"]
[BlackTitle "WFM"]
[WhiteElo "1942"]
[BlackElo "2243"]
[WhiteFideId "34127035"]
[BlackFideId "4165055"]
[EventDate "2016.10.02"]

1. e4 e5 2. Nf3 Nc6 3. Bb5 g6 4. O-O Bg7 5. c3 d6 6. h3 Bd7 7. d4 Nf6 8. Re1 O-O
9. d5 Ne7 10. Bxd7 Qxd7 11. c4 Rae8 12. Nc3 Nh5 13. b4 Nf4 14. Be3 f5 15. c5
dxc5 16. Qb3 Kh8 17. Bxc5 b6 18. Be3 fxe4 19. Ng5 Nfxd5 20. Rad1 c6 21. b5 Rd8
22. Ncxe4 h6 23. bxc6 Qxc6 24. Rc1 Qd7 25. Nf3 Qf5 26. Ng3 Qf7 27. Qb1 Nf5 28.
Nxf5 gxf5 29. Nh4 e4 30. g3 Kh7 31. Ng2 Nxe3 32. Rxe3 Bd4 33. Re2 Rde8 34. Rec2
Be5 35. Qb5 Re7 36. Rc6 Rg8 37. Qe2 Rg6 38. Rc8 f4 39. Qd2 fxg3 40. f4 exf3 41.
Nh4 f2+ 42. Kf1 g2+ 43. Nxg2 Qf5 44. Qb4 Reg7 45. Qf8 Qd3+ 46. Kxf2 Rxg2+ 47.
Ke1 Qe2# 0-1

[Event "ch-RUS Rapid w 2016"]
[Site "Sochi RUS"]
[Date "2016.10.02"]
[Round "5.2"]
[White "Charochkina, Daria"]
[Black "Pustovoitova, Daria"]
[Result "0-1"]
[WhiteTitle "IM"]
[BlackTitle "FM"]
[WhiteElo "2366"]
[BlackElo "2386"]
[WhiteFideId "4180917"]
[BlackFideId "4182146"]
[EventDate "2016.10.02"]

1. d4 d5 2. c4 c6 3. Nc3 Nf6 4. Nf3 e6 5. Bg5 h6 6. Bxf6 Qxf6 7. Qb3 dxc4 8.
Qxc4 Nd7 9. e3 e5 10. Ne4 Qe7 11. O-O-O f5 12. Ng3 e4 13. Nd2 Nb6 14. Qc2 Be6
15. Nc4 O-O-O 16. Nxb6+ axb6 17. Bc4 Qf7 18. Bxe6+ Qxe6 19. Kb1 Rd5 20. f3 exf3
21. gxf3 Qxe3 22. Rhe1 Qxf3 23. Rf1 Qg4 24. Nxf5 Qh3 25. Qe4 Bd6 26. Rf3 Qxh2
27. Rb3 Qh5 28. Rf1 Re8 29. Qd3 Qe2 30. Nxg7 Rxd4 31. Qxe2 Rxe2 32. Nf5 Rdd2 33.
Nxd6+ Rxd6 34. Rxb6 h5 35. Rb4 Rh6 36. Rf8+ Kc7 37. Rf7+ Kd6 38. Rbxb7 h4 39. b4
h3 40. Rbd7+ Ke5 41. Rfe7+ Re6 42. Rh7 h2 43. Rd1 Kf4 44. Rc1 Rg6 45. Rf7+ Kg3
46. Rh7 Rg2 47. Rc3+ Kf4 48. Rch3 Rf2 49. R7h4+ Kf5 50. Rh5+ Kf6 51. Rh6 Rxh6
52. Rxh6+ Ke5 53. a4 Rg2 54. Rh5+ Kd4 55. Rh4+ Kc3 56. Rh3+ Kxb4 0-1

[Event "ch-RUS Rapid w 2016"]
[Site "Sochi RUS"]
[Date "2016.10.02"]
[Round "5.3"]
[White "Vasilevich, Irina"]
[Black "Girya, Olga"]
[Result "1-0"]
[WhiteTitle "IM"]
[BlackTitle "WGM"]
[WhiteElo "2285"]
[BlackElo "2446"]
[WhiteFideId "4141296"]
[BlackFideId "4195752"]
[EventDate "2016.10.02"]

1. c4 c6 2. Nf3 d5 3. e3 Nf6 4. b3 Bg4 5. Bb2 e6 6. h3 Bh5 7. Be2 Nbd7 8. a3 Bd6
9. O-O O-O 10. d3 Qe7 11. Nc3 a6 12. b4 Rad8 13. c5 Bb8 14. Qc2 Rfe8 15. e4 Bxf3
16. Bxf3 Ne5 17. Be2 Ng6 18. g3 h5 19. f4 d4 20. e5 Nxe5 21. fxe5 Bxe5 22. Nd1
Bxg3 23. Bf3 e5 24. Qg2 h4 25. Bc1 Nd5 26. Be4 g6 27. Ra2 Kg7 28. Re2 Rf8 29.
Nf2 f5 30. Bxd5 cxd5 31. Nh1 f4 32. Nxg3 fxg3 33. Rxf8 Kxf8 34. Bh6+ Kg8 35. Qf3
Kh7 36. Bd2 Qe6 37. Bg5 Rd7 38. Bxh4 Rf7 39. Qxg3 1-0

[Event "ch-RUS Rapid w 2016"]
[Site "Sochi RUS"]
[Date "2016.10.02"]
[Round "5.4"]
[White "Kovanova, Baira"]
[Black "Bodnaruk, Anastasia"]
[Result "0-1"]
[WhiteTitle "WGM"]
[BlackTitle "IM"]
[WhiteElo "2382"]
[BlackElo "2463"]
[WhiteFideId "4164083"]
[BlackFideId "4181751"]
[EventDate "2016.10.02"]

1. Nf3 Nf6 2. c4 g6 3. Nc3 Bg7 4. d4 O-O 5. Bg5 d6 6. e3 Nbd7 7. Be2 h6 8. Bh4
g5 9. Bg3 Nh5 10. Qc2 Ndf6 11. O-O-O Ng4 12. Bd3 e6 13. Kb1 f5 14. Qe2 Ngf6 15.
Nd2 a6 16. f4 gxf4 17. Bxf4 Qe8 18. h3 Nxf4 19. exf4 Nh5 20. Qe3 Bd7 21. Rhg1 b5
22. g4 fxg4 23. Rxg4 e5 24. f5 Bxf5 25. Bxf5 Rxf5 26. Qxh6 Qf7 27. dxe5 Rxe5 28.
Rdg1 Rae8 29. Nce4 R8e6 30. Qe3 bxc4 31. Qa7 d5 32. Rf1 Qe8 33. Rfg1 dxe4 34.
Qxc7 Re7 35. Qxc4+ Qf7 36. Qc8+ Re8 37. Qxa6 e3 38. Nc4 R5e6 39. Nd6 Qf6 40. Qb5
Rd8 41. Nf5 e2 42. Qa5 Qxb2# 0-1

[Event "ch-RUS Rapid w 2016"]
[Site "Sochi RUS"]
[Date "2016.10.02"]
[Round "5.5"]
[White "Pogonina, Natalija"]
[Black "Drozdova, Dina"]
[Result "1-0"]
[WhiteTitle "WGM"]
[BlackTitle "WIM"]
[WhiteElo "2484"]
[BlackElo "2242"]
[WhiteFideId "4147855"]
[BlackFideId "4170695"]
[EventDate "2016.10.02"]

1. d4 Nf6 2. c4 e6 3. Nf3 Bb4+ 4. Nbd2 b6 5. a3 Bxd2+ 6. Qxd2 Bb7 7. e3 O-O 8.
Be2 d6 9. O-O Nbd7 10. b4 c5 11. dxc5 dxc5 12. Bb2 Qe7 13. b5 Rfd8 14. Qc3 Ne8
15. a4 f6 16. a5 a6 17. axb6 axb5 18. cxb5 Qd6 19. Rxa8 Bxa8 20. Rd1 Qxb6 21.
Qd2 Bd5 22. Bc3 Nc7 23. Ba5 Qa7 24. e4 Nb6 25. exd5 exd5 26. Bf1 Ra8 27. Bxb6
Qxb6 28. Re1 Qd6 29. Nh4 g6 30. g3 Rb8 31. Qb2 c4 32. Nf3 Rxb5 33. Qd2 Rb6 34.
Nd4 Kg7 35. Qe3 Nb5 36. Nxb5 Rxb5 37. Qa7+ Kh6 38. Re7 Rb3 39. h4 1-0

[Event "ch-RUS Rapid w 2016"]
[Site "Sochi RUS"]
[Date "2016.10.02"]
[Round "5.6"]
[White "Ambartsumova, Karina"]
[Black "Nechaeva, Marina"]
[Result "1/2-1/2"]
[WhiteTitle "WGM"]
[BlackTitle "IM"]
[WhiteElo "2280"]
[BlackElo "2428"]
[WhiteFideId "4166299"]
[BlackFideId "4149351"]
[EventDate "2016.10.02"]

1. e4 c6 2. d4 d5 3. exd5 cxd5 4. c4 Nf6 5. Nc3 e6 6. Nf3 Bb4 7. cxd5 Nxd5 8.
Bd2 Nc6 9. Bd3 Be7 10. O-O O-O 11. a3 Bf6 12. Qc2 g6 13. Bh6 Re8 14. Rad1 Nxc3
15. bxc3 b6 16. Be4 Bb7 17. c4 Qc7 18. Rd2 Rac8 19. Rc1 Ne7 20. Bxb7 Qxb7 21.
Bf4 Nc6 22. Qb1 Na5 23. Qb4 Red8 24. Be3 Qa6 25. Rdc2 Nc6 26. Qb2 Na5 27. Qb4
Nc6 28. Qb2 Qa4 29. h3 Na5 30. Qb4 Qd7 31. c5 Nc6 32. Qa4 b5 33. Qxb5 Nxd4 34.
Nxd4 Bxd4 35. Qxd7 Rxd7 36. c6 Rd5 37. Bxd4 Rxd4 38. Kf1 Rd6 39. Ke2 Kf8 40. Rc5
a6 41. R1c3 Ke7 42. a4 Rd5 43. R5c4 Kd6 44. c7 Kd7 45. h4 h5 46. g3 Rd6 47. Ke3
Rb6 48. Rd3+ Ke7 49. Rdc3 Kd7 50. Rd3+ Rd6 51. Rdc3 Rd5 52. f3 Rd6 53. Rc5 Rb6
54. R5c4 Rb7 55. Rd3+ Ke7 56. Rdc3 a5 57. Rc5 Ra7 58. R5c4 Rb7 59. Rc5 Kd6 60.
Rxa5 Rcxc7 61. Rxc7 Rxc7 62. g4 Rc3+ 63. Kf2 e5 64. Ra6+ Ke7 65. gxh5 gxh5 66.
Rh6 Ra3 67. Rxh5 Ke6 68. f4 f6 69. fxe5 Rxa4 70. exf6 Kxf6 71. Kg3 Kg6 72. Rg5+
Kh6 73. Rg4 Rxg4+ 74. Kxg4 Kg6 1/2-1/2

[Event "ch-RUS Rapid w 2016"]
[Site "Sochi RUS"]
[Date "2016.10.02"]
[Round "5.7"]
[White "Goryachkina, Aleksandra"]
[Black "Tomilova, Elena"]
[Result "1-0"]
[WhiteTitle "WGM"]
[BlackTitle "WIM"]
[WhiteElo "2460"]
[BlackElo "2309"]
[WhiteFideId "4147103"]
[BlackFideId "4162340"]
[EventDate "2016.10.02"]

1. d4 Nf6 2. c4 b6 3. Nf3 Bb7 4. g3 g6 5. Bg2 Bg7 6. O-O O-O 7. d5 c6 8. Nc3
cxd5 9. cxd5 d6 10. Nd4 Na6 11. Bg5 h6 12. Bxf6 Bxf6 13. Rc1 Qd7 14. Qd2 Kh7 15.
h4 h5 16. Kh2 Nc7 17. Rc2 Bg7 18. Rfc1 Ba6 19. Ne4 Nb5 20. Nc6 Bh6 21. e3 Nc7
22. Nxe7 Qxe7 23. Rxc7 Qd8 24. R7c6 Rc8 25. Rxd6 Qe7 26. Rd7 Qe5 27. Rxc8 Bxc8
28. Rxa7 Bg7 29. d6 Bf5 30. Ng5+ Kg8 31. Qd5 Qxb2 32. Rxf7 Rxf7 33. Qxf7+ 1-0

[Event "ch-RUS Rapid w 2016"]
[Site "Sochi RUS"]
[Date "2016.10.02"]
[Round "5.8"]
[White "Ovod, Evgenija"]
[Black "Vasilevich, Tatjana"]
[Result "0-1"]
[WhiteTitle "IM"]
[BlackTitle "IM"]
[WhiteElo "2362"]
[BlackElo "2372"]
[WhiteFideId "4131827"]
[BlackFideId "14101610"]
[EventDate "2016.10.02"]

1. d4 d5 2. c4 e6 3. Nf3 Nf6 4. e3 Bb4+ 5. Nbd2 O-O 6. a3 Be7 7. b4 a5 8. b5 c6
9. a4 dxc4 10. Bxc4 cxb5 11. axb5 Nbd7 12. O-O b6 13. e4 Bb7 14. e5 Nd5 15. Ne4
Rc8 16. Bd3 Nc3 17. Nxc3 Rxc3 18. Bb2 Rc7 19. Qe2 Qa8 20. Ne1 Rfc8 21. f4 g6 22.
Nf3 Bd5 23. Nd2 Bb4 24. Ne4 Bc4 25. Rf2 Qd5 26. Ba3 Qxd4 0-1

[Event "ch-RUS Rapid w 2016"]
[Site "Sochi RUS"]
[Date "2016.10.02"]
[Round "5.9"]
[White "Sukhareva, Evgeniya"]
[Black "Travkina, Anastasia"]
[Result "1/2-1/2"]
[BlackTitle "WFM"]
[WhiteElo "2151"]
[BlackElo "2292"]
[WhiteFideId "4167155"]
[BlackFideId "24129151"]
[EventDate "2016.10.02"]

1. d4 d5 2. Nf3 Nf6 3. c4 c6 4. Qc2 dxc4 5. Qxc4 Bg4 6. Nc3 Nbd7 7. e4 e5 8. Be3
Bxf3 9. gxf3 Qa5 10. Be2 Be7 11. Rg1 g6 12. Qb3 Qb4 13. Qxb4 Bxb4 1/2-1/2

[Event "ch-RUS Rapid w 2016"]
[Site "Sochi RUS"]
[Date "2016.10.02"]
[Round "5.10"]
[White "Nebolsina, Vera"]
[Black "Belenkaya, Dina"]
[Result "1-0"]
[WhiteTitle "WGM"]
[BlackTitle "WFM"]
[WhiteElo "2219"]
[BlackElo "2313"]
[WhiteFideId "4163591"]
[BlackFideId "24142654"]
[EventDate "2016.10.02"]

1. c4 e5 2. g3 Nc6 3. Bg2 Bc5 4. e3 d6 5. Nc3 a6 6. Nge2 Nge7 7. d4 Ba7 8. b4
O-O 9. b5 axb5 10. cxb5 Na5 11. O-O Be6 12. Ba3 Nc4 13. Bb4 d5 14. dxe5 c5 15.
bxc6 bxc6 16. Bxe7 Qxe7 17. Nd4 Bd7 18. Rb1 Qxe5 19. Nce2 Qc7 20. Qd3 Bb6 21.
Nc3 Ra3 22. Rb3 Rfa8 23. Rfb1 g6 24. h4 Rxb3 25. axb3 Ne5 26. Qc2 Qd6 27. Rd1
Qe7 28. Nce2 Rc8 29. Nf4 Bg4 30. Ra1 Qd7 31. Qc3 f6 32. Ra6 Qb7 33. Ra4 Kh8 34.
Nc2 Bd8 35. Rb4 Qe7 36. Ra4 Nf3+ 37. Kh1 Ne5 38. Qa1 Qd7 39. Ra7 Rc7 40. Ra8 Rc8
41. Ra4 Bf5 42. Nd4 Bg4 43. f3 Bf5 44. Nxf5 gxf5 45. Qb1 Rb8 46. Qa2 Bb6 47. Ra8
Qb7 48. Rxb8+ Qxb8 49. Qc2 Qc8 50. Nxd5 Qb7 51. Nxb6 Qxb6 52. Qxf5 Qxe3 53.
Qxf6+ Kg8 54. Qe6+ 1-0

[Event "ch-RUS Rapid w 2016"]
[Site "Sochi RUS"]
[Date "2016.10.02"]
[Round "5.11"]
[White "Makarenko, Alexandra"]
[Black "Markelova, Lubov"]
[Result "1-0"]
[WhiteTitle "WFM"]
[BlackTitle "WFM"]
[WhiteElo "2243"]
[BlackElo "2133"]
[WhiteFideId "4165055"]
[BlackFideId "24131369"]
[EventDate "2016.10.02"]

1. e4 e6 2. d4 d5 3. Nc3 Nf6 4. Bg5 dxe4 5. Nxe4 Nbd7 6. Nf3 h6 7. Nxf6+ Nxf6 8.
Bf4 c5 9. dxc5 Qa5+ 10. Qd2 Qxd2+ 11. Nxd2 Bxc5 12. Nb3 Be7 13. Be2 Nd5 14. Bd2
Bd7 15. O-O O-O-O 16. c4 Nb4 17. Bc3 Bc6 18. Na5 Rhg8 19. Nxc6 Nxc6 20. Rfd1 Bd6
21. Rd2 Be5 22. Rxd8+ Rxd8 23. Bxe5 Nxe5 24. Kf1 Rd2 25. b4 Rc2 26. c5 Nc6 27.
a3 Nd4 28. Bd1 Rc3 29. g3 Kc7 30. h4 Nc2 31. Bxc2 Rxc2 32. Kg2 a5 33. Kf3 axb4
34. axb4 Rb2 35. Ra8 Rb3+ 36. Ke2 Rxb4 37. Rf8 f6 38. Rf7+ Kc6 39. Rxg7 Kxc5 40.
Rg6 h5 41. Rxf6 Re4+ 42. Kd3 Re5 43. f4 Re1 44. Rh6 Rg1 45. Rxh5+ Kb4 46. Rg5 b5
47. h5 Ka4 48. h6 Rh1 49. Rg6 Rh3 50. Ke4 b4 51. Kf3 b3 52. Rxe6 b2 53. Rb6 Ka3
54. f5 Rh1 55. g4 Ka2 56. Rxb2+ Kxb2 57. g5 Rf1+ 58. Kg4 Rg1+ 59. Kh5 Kc3 60. h7
Kd4 61. Kg6 Rh1 62. f6 Ke5 63. f7 Kd6 1-0